Cross-border bank exposure network: a preliminary study

Gespeichert in:
Bibliographische Detailangaben
1. Verfasser: Baumöhl, Eduard, 1982-
Weitere Verfasser: Lyócsa, Štefan, 1982-, Výrost, Tomáš, 1978-
Format: Buchkapitel
Sprache:Englisch
Tags: Tag hinzufügen
Keine Tags, Fügen Sie das erste Tag hinzu!

MARC

LEADER 00000naa$a2200000$$$4500
001 0227137
005 20240502083610.0
041 0 |a eng 
044 |a CZ 
245 1 0 |a Cross-border bank exposure network: a preliminary study  |c Eduard Baumöhl, Štefan Lyócsa, Tomáš Výrost 
100 1 |a Baumöhl, Eduard, 1982- 
700 1 |a Lyócsa, Štefan, 1982- 
700 1 |a Výrost, Tomáš, 1978-